UM Logo

Criminology Dictionary/ (Record no. 47)

MARC details
000 -LEADER
fixed length control field 00732nam a2200277Ia 4500
003 - CONTROL NUMBER IDENTIFIER
control field OSt
005 - DATE AND TIME OF LATEST TRANSACTION
control field 20160507151932.0
008 - FIXED-LENGTH DATA ELEMENTS--GENERAL INFORMATION
fixed length control field 151016s9999 xx 000 0 und d
020 ## - INTERNATIONAL STANDARD BOOK NUMBER
International Standard Book Number 9.7897196174e+012
040 ## - CATALOGING SOURCE
Transcribing agency LIC
082 ## - DEWEY DECIMAL CLASSIFICATION NUMBER
Classification number DFil 364.03/
Item number P33
100 ## - MAIN ENTRY--PERSONAL NAME
Personal name Peckley, Miller F.
245 ## - TITLE STATEMENT
Title Criminology Dictionary/
245 ## - TITLE STATEMENT
Statement of responsibility, etc. Miller F. Peckley
260 ## - PUBLICATION, DISTRIBUTION, ETC. (IMPRINT)
Place of publication, distribution, etc. Philippines
260 ## - PUBLICATION, DISTRIBUTION, ETC. (IMPRINT)
Name of publisher, distributor, etc. Wiseman's Books Trading, Inc.
260 ## - PUBLICATION, DISTRIBUTION, ETC. (IMPRINT)
Date of publication, distribution, etc. c2015
300 ## - PHYSICAL DESCRIPTION
Extent 181 pages;
300 ## - PHYSICAL DESCRIPTION
Dimensions 22 cm.
504 ## - BIBLIOGRAPHY, ETC. NOTE
Bibliography, etc includes bibliographical references
650 ## - SUBJECT ADDED ENTRY--TOPICAL TERM
Topical term or geographic name as entry element Crime
Form subdivision Dictionaries
650 ## - SUBJECT ADDED ENTRY--TOPICAL TERM
Topical term or geographic name as entry element Crime and Criminals
Form subdivision Dictionaries
650 ## - SUBJECT ADDED ENTRY--TOPICAL TERM
Topical term or geographic name as entry element Criminology
Form subdivision Dictionary
General subdivision English
942 ## - ADDED ENTRY ELEMENTS (KOHA)
Koha item type Books
Source of classification or shelving scheme Dewey Decimal Classification
942 ## - ADDED ENTRY ELEMENTS (KOHA)
Institution code [OBSOLETE] DDC
Source of classification or shelving scheme Dewey Decimal Classification
Koha item type Filipiniana
Holdings
Withdrawn status Lost status Source of classification or shelving scheme Damaged status Not for loan Collection code Home library Current library Shelving location Date acquired Source of acquisition Total Checkouts Full call number Barcode Date last seen Date last checked out Copy number Price effective from Koha item type
    Dewey Decimal Classification     Filipiniana UM Digos College - LIC UM Digos College - LIC Book Cart 08/28/2015 Purchased 5 DFil 364.03 P337 2015 23432 06/08/2021 03/14/2019 1 10/24/2015 Filipiniana